000 00425nam a22001697a 4500
003 OSt
008 240502b |||||||| |||| 00| 0 eng d
020 _a9788131705841
082 _a658.84 BAB
100 _aBALLOU, Ronald
245 _aBusiness Logistics Supply Chain Management
250 _a5th Ed
260 _aNew Delhi
_b Pearson Education
_c2023
300 _a800
700 _aSRIVASTAVA,Samir K
942 _2ddc
_cBK
999 _c12602
_d12602